[Event "TUR-chT2"]
[Site "Konya"]
[Date "2011.07.07"]
[Round "5"]
[White "Tatlisumak, Ertugrul"]
[Black "Firat, Burak"]
[Result "0-1"]
[WhiteElo "2174"]
[BlackElo "2373"]
[PlyCount "104"]
[EventDate "2011.07.04"]
[EventType "team-swiss"]
[EventRounds "9"]
[EventCountry "TUR"]
[SourceTitle "CBM 143 Extra"]
[Source "ChessBase"]
[SourceDate "2011.08.29"]
[SourceVersion "1"]
[SourceVersionDate "2011.08.29"]
[SourceQuality "1"]
[WhiteTeam "Manisa Satranc Ihtisas"]
[BlackTeam "Antalya Calli"]
[WhiteTeamCountry "TUR"]
[BlackTeamCountry "TUR"]

1. d4 d5 2. c4 c6 3. cxd5 cxd5 4. Nc3 Nf6 5. Nf3 Nc6 6. g3 Bf5 7. Qb3 Na5 8. Qa4+ Bd7 9. Qc2 e6 10. Bg2 Rc8 11. 0-0 Be7 12. Ne5 Bb5 13. Qd1 Qb6 14. Bg5 h6 15. Bxf6 Bxf6 16. Nf3 Bc6 17. Rb1 0-0 18. b4 Nc4 19. a4 Bd7 20. a5 Qc7 21. Rb3 Nd6 22. Qd3 Qc4 23. Qxc4 Rxc4 24. e3 Rfc8 25. Ne5 Bxe5 26. dxe5 Nf5 27. Nxd5 exd5 28. Bxd5 R4c7 29. Rb2 Ne7 30. e4 Be6 31. Rd2 Rd8 32. f4 Rcd7 33. Rfd1 Nxd5 34. exd5 Rxd5 35. Rxd5 Rxd5 36. Rxd5 Bxd5 37. Kf2 Kf8 38. Ke3 Ke7 39. Kd4 Be6 40. Kc5 Kd7 41. b5 Kc7 42. b6+ axb6+ 43. axb6+ Kd7 44. Kb5 h5 45. Kc5 g6 46. Kb5 Bh3 47. Kc5 Ke6 48. Kd4 Kf5 49. Kd5 Bf1 50. Kd6 Kg4 51. e6 fxe6 52. Kxe6 Bd3 0-1